Ciudadanía, infancia y juventud en la historia de Brasil/
Zapisane w:
| 1. autor: | |
|---|---|
| Format: | Książka |
| Dostęp online: | texto completo desde el sitio de la revista |
| Etykiety: |
Dodaj etykietę
Nie ma etykietki, Dołącz pierwszą etykiete!
|
MARC
| LEADER | 00000nam a22000007a 4500 | ||
|---|---|---|---|
| 003 | cru CIDCACS/IIS | ||
| 005 | 20181205161217.0 | ||
| 007 | ta | ||
| 008 | 181205s1998 sp |||p|r||||||0| ||spa|d | ||
| 999 | |c 41962 |d 41962 | ||
| 040 | |c cru CIDCACS/IIS | ||
| 100 | 1 | |9 8085 |a Cardoso, Nadia | |
| 245 | 1 | |a Ciudadanía, infancia y juventud en la historia de Brasil/ |c Nadia Cardoso | |
| 300 | |a páginas 35-43: |b fotos | ||
| 773 | 0 | |0 41952 |9 2483 |d Madrid: Solidaridad para el desarrollo y la paz, SODEPAZ-SODEPAU; Asociación Andaluza por la solidaridad y la paz 1990- |o 18779 |t Africa América Latina: |x 11302569 | |
| 856 | |u http://sodepaz.org/images/pdf/revista033/05ciudadania_infancia.pdf |y texto completo desde el sitio de la revista | ||
| 942 | |2 ddc |c PP | ||
